Statistics for Aircraft quiz

Click here to take the quiz!

General Stats

  • This quiz has been taken 37 times
  • The average score is 13 of 29

Answer Stats

Answer% Correct
Lockheed Martin F-22 Raptor
90%
Lockheed Martin F-35 Lightning II
90%
GD F-16 Fighting Falcon
80%
Mikoyan Mig-15 Fagot
77%
Mikoyan Mig-23 Flogger
67%
Sukhoi Su-57 Felon
63%
NA F-86 Sabre
60%
Lockheed F-104 Starfighter
57%
Kamov Ka-52
53%
Rockwell B-1 Lancer
53%
Boeing E-3 Sentry
50%
Northrop F-5 Tiger ii
50%
Sukhoi Su-47 Berkut
50%
Tupolev Tu-95 Bear
50%
Dassault Mirage 2000
43%
F-117 Nighthawk
43%
Grumman A-6 Intruder
43%
Panavia Tornado
43%
Jakovlev Yak-141
37%
Boeing b-29 Superfortress
30%
English Electric Lightning
27%
Handley Page Victor
27%
Sukhoi Su-27 Flanker
27%
TupolevTu-160 White Swan
27%
Saab J35 Draken
23%
Boeing b-47 Stratojet
20%
Mh-6 Little bird
17%
Northrop YF-23 Blackwidow II
10%
Dassault Etendard IVM
7%

Score Distribution

Percentile by Number Answered

Percent of People with Each Score

Your Score History

You have not taken this quiz